| 000 | 00936nam a2200265 i 4500 | ||
|---|---|---|---|
| 001 | bg | ||
| 100 | 1 |
_aForlicz, Stefan _d(1950- ). |
|
| 245 | 1 | 0 |
_aInformacja w biznesie / _cStefan Forlicz. |
| 260 |
_aWarszawa : _bPolskie Wydawnictwo Ekonomiczne, _c2008. |
||
| 300 |
_a206 s. : _bil. ; _c24 cm. |
||
| 504 | _aBibliogr. s. 193-198, wykaz aktów prawnych s. 199-200. Indeks. | ||
| 521 | 8 | _aDla studentów kierunków ekonomicznych, informatyki, biznesmenów i menedżerów oraz osób zajmujących się procesami informacyjnymi. | |
| 650 | 9 | _aInformacja gospodarcza | |
| 655 | _aPodręczniki akademickie | ||
| 015 | _aPB 18329/2008 | ||
| 020 | _a9788320817645 | ||
| 040 | _cBPK | ||
| 041 | _apol | ||
| 044 | _aPOL | ||
| 080 | _a659.23(075.8) | ||
| 920 | _a978-83-208-1764-5 | ||
| 942 | _cKS | ||
| 008 | 080617s2008 pl a |001 0 pol | ||
| 999 |
_c55599 _d55599 |
||
| 856 |
_uhttp://koha.tu.koszalin.pl/cgi-bin/koha/opac-detail.pl?biblionumber=55599 _yKatalog online BPK |
||